Online Catalogue and eLibrary

Subalternity and difference : (Record no. 619)

MARC details
000 -LEADER
fixed length control field 00729cam a2200217 a 4500
001 - CONTROL NUMBER
control field 16595916
005 - DATE AND TIME OF LATEST TRANSACTION
control field 20240327071453.0
008 - FIXED-LENGTH DATA ELEMENTS--GENERAL INFORMATION
fixed length control field 110103s2011 enk b 001 0 eng
020 ## - INTERNATIONAL STANDARD BOOK NUMBER
ISBN 9780415665483 (pbk. : alk. paper)
040 ## - CATALOGING SOURCE (பட்டியலாக்க மூலம்)
Original cataloging agency DLC
Transcribing agency DLC
Modifying agency YDX
-- BTCTA
-- YDXCP
-- UKMGB
-- BWX
-- COO
-- CDX
-- YUS
-- PUL
-- DLC
082 00 - DDC Classification
Class No. 325.3
DDC Edition Number 22
Item Number - Author Mark SUB.
245 00 - TITLE STATEMENT
Title Subalternity and difference :
Remainder of title investigations from the North and the South /
Statement of responsibility, etc. Gyanendra Pandey.
260 ## - PUBLICATION, DISTRIBUTION, ETC.
Place of publication, distribution, etc. London ;
-- New York :
Name of publisher, distributor, etc. Routledge,
Date of publication, distribution, etc. 2011.
300 ## - PHYSICAL DESCRIPTION
Extent (e.g. Volumes, Pages etc.) xiii, 189 p. ;
490 0# - SERIES STATEMENT
Series statement Intersections : colonial and postcolonial histories ;
650 #0 - SUBJECT ADDED ENTRY--TOPICAL TERM
Topical term or geographic name entry element Postcolonialism
650 #0 - SUBJECT ADDED ENTRY--TOPICAL TERM
Topical term or geographic name entry element Minorities.
650 #0 - SUBJECT ADDED ENTRY--TOPICAL TERM
Topical term or geographic name entry element Racism.
700 1# - ADDED ENTRY--PERSONAL NAME
Personal name Pandey, Gyanendra,
Relator term (Role) Editor
942 ## - Koha item type (Biblio)
Koha item type Books in Stacks (Lending)
Holdings
Lost status Damaged status Collection code Home library Current library Date acquired Full call number Accession Number Item type
    Lending WERC Library WERC Library 03/27/2024 325.3 SUB. 6665 Books in Stacks (Lending)

© WERC Library